LIBRARY ONLINE CATALOGUE

Child abuse : (Record no. 10858)

MARC details
000 -LEADER
fixed length control field 00636nam a22002172 4500
001 - CONTROL NUMBER
control field 0000005900
005 - DATE AND TIME OF LATEST TRANSACTION
control field 20151217154356.0
008 - FIXED-LENGTH DATA ELEMENTS--GENERAL INFORMATION
fixed length control field 070809s xx 000 0 eng d
020 ## - INTERNATIONAL STANDARD BOOK NUMBER
International Standard Book Number 9966200703 :
Terms of availability KES 690
040 ## - CATALOGING SOURCE
Original cataloging agency KABU
Transcribing agency KABU
050 #0 - LIBRARY OF CONGRESS CALL NUMBER
Classification number HV6625.5
Item number .M95
100 1# - MAIN ENTRY--PERSONAL NAME
Personal name Mwiti, Gladys K.
-- 0000157178
245 10 - TITLE STATEMENT
Title Child abuse :
Remainder of title detection, prevention and counselling.
250 ## - EDITION STATEMENT
Edition statement rev. ed.
260 ## - PUBLICATION, DISTRIBUTION, ETC. (IMPRINT)
Place of publication, distribution, etc. Nairobi :
Name of publisher, distributor, etc. Evangel Publishing House,
Date of publication, distribution, etc. 2006.
300 ## - PHYSICAL DESCRIPTION
Extent xviii, 254 p.
650 #0 - SUBJECT ADDED ENTRY--TOPICAL TERM
Topical term or geographic name as entry element Child abuse.
-- 0000157179
852 1# - LOCATION
-- p590 KES
908 ## - PUT COMMAND PARAMETER (RLIN)
Put command parameter 070809
950 ## - LOCAL HOLDINGS (RLIN)
-- 1
Holdings
Withdrawn status Lost status Source of classification or shelving scheme Not for loan Home library Current library Date acquired Total Checkouts Full call number Barcode Date last seen Date last checked out Price effective from Koha item type
    Library of Congress Classification   Kabarak, Main Campus Kabarak, Main Campus 17/12/2015 5 HV6625.5 .M95 c. 2 014618 09/10/2024 25/09/2024 17/12/2015 General Collection
    Library of Congress Classification   Kabarak, Main Campus Kabarak, Main Campus 17/12/2015   HV6625.5 .M95 c. 1 002785 17/12/2015   17/12/2015 Africana Collection